Energetická politika Európskej únie diplomová práca

Uložené v:
Podrobná bibliografia
Hlavný autor: Vargová, Zuzana
Korporativný autor: Fakulta medzinárodných vzťahov EU. Katedra medzinárodných ekonomických vzťahov a hospodárskej diplomacie
Ďalší autori: Harakaľová, Ľubica, 1963-
Médium: Kniha
Jazyk:Slovak
Vydavateľské údaje: Bratislava 2016
Tagy: Pridať tag
Žiadne tagy, Buďte prvý, kto otaguje tento záznam!

MARC

LEADER 00000nbm a2200000 4500
001 0218092
005 20170209154757.4
041 0 |a slo 
044 |a SK 
245 1 0 |a Energetická politika Európskej únie  |b diplomová práca  |c Zuzana Vargová ; školiteľ: Ľubica Harakaľová 
264 1 |a Bratislava  |c 2016 
300 |a 84 s. 
100 1 |a Vargová, Zuzana 
700 1 |a Harakaľová, Ľubica, 1963- 
710 2 |a Fakulta medzinárodných vzťahov EU. Katedra medzinárodných ekonomických vzťahov a hospodárskej diplomacie